000 00668nam a22002177a 4500
003 0
005 20250326153414.0
008 250326b xxu||||| |||| 00| 0 eng d
020 _a978-1-265-11843-3
050 _aHF 5657.4
_b.N67 2023
100 _aNoreen, Eric
245 _aManagerial accounting for managers
_cEric Noreen and two others
250 _aSixth edition
260 _aNew York
_bMcGraw-Hill
_c2023
300 _axxix, 626 pages :
_bcolored pictures and illustrations ;
_c28cm.
504 _aIncludes index and glossary.
650 _aManagerial accounting.
700 _aBrewer, Peter.
700 _aGarrison, Ray H.
942 _2lcc
_cBK
999 _c367342
_d367342